000 00940nam a22002297a 4500
005 20240530110528.0
008 160310s2013 ua a g b 000 0 ara d
017 _a2013/2159
_bمصر . دار الكتب المصرية
020 _a9789774103063
040 _aEG-CaGPL
082 0 4 _221
_a150.287\
_bس ب
100 0 _aسعدية شكرى على عبدالفتاح
245 1 0 _aبناء الاختبارات و المقاييس فى علم النفس /
_cاعداد سعدية شكرى على عبدالفتاح
250 _aط1
260 _aالقاهرة :
_bالمكتبة العصرية للنشر و التوزيع ،
_c2013 .
300 _a313 ص :
_bايض ؛
_c24 سم .
504 _aيشتمل على ارجاعات ببليوجرافية
650 0 4 _aعلم النفس
_xالاختبارات
650 0 4 _aعلم النفس
_xطرق القياس
942 _2ddc
_cBK
999 _c62039
_d62039